[Event "FRA-chT2 East 0607"]
[Site "France"]
[Date "2007.01.21"]
[Round "6.8"]
[White "Sengsavath, Darouny"]
[Black "Kiraz, Mehmet Ali"]
[Result "1-0"]
[WhiteElo "1790"]
[BlackElo "1099"]
[PlyCount "61"]
[EventDate "2006.10.15"]
[EventType "team-tourn"]
[EventRounds "11"]
[EventCountry "FRA"]
[SourceTitle "EXT 2008"]
[Source "ChessBase"]
[SourceDate "2007.11.25"]
[SourceVersion "1"]
[SourceVersionDate "2007.11.25"]
[SourceQuality "1"]
[WhiteTeam "Mundolsheim"]
[BlackTeam "Selestat"]
[WhiteTeamCountry "FRA"]
[BlackTeamCountry "FRA"]

1. d4 d5 2. c4 Nf6 3. Nc3 e6 4. Bg5 Be7 5. Nf3 0-0 6. e3 Ne4 7. Bxe7 Qxe7 8. cxd5 Nxc3 9. bxc3 exd5 10. Bd3 Be6 11. Qb1 f5 12. Qxb7 Nd7 13. Qb1 c5 14. 0-0 Nb6 15. Qd1 Rab8 16. Ne5 Bd7 17. f4 Rfc8 18. Rf3 Be8 19. Bxf5 Rc7 20. Rh3 h6 21. Qg4 Qf6 22. Be6+ Bf7 23. Nxf7 Rxf7 24. Bxf7+ Qxf7 25. Rxh6 Re8 26. Rh3 Na4 27. Qh4 Qe6 28. Rb1 Nxc3 29. Rb7 Ne2+ 30. Kf2 Nxd4 31. Qh8# 1-0